00622nam a2200181Ia 4500952014300000999001700143003000400160005001700164008004100181040000900222082002200231100002300253245005000276260004200326300000800368650001400376942005000390 00102ddc40708SSaMESbMEScMALd2019-02-20g30.00l1o894.812301 KUM/Ap31434r2023-08-17 14:33:40s2023-08-08w2019-02-20yBKzGR30R2 c28782d28782OSt20210106114604.0190216s9999||||xx |||||||||||||| ||und|| coclc a894.812301bKUM/A aKumaran, U K96528 0aAdayalangal Vannukondirikkunnu /cU K Kumaran bLipi Publications,aKozhikode:c2001. a56p aMalayalam cBK2ddch894.812301iKUM/Ak894.812301mKUM/A